01079nam a22002057a 4500999001500000003000900015008004100024040007100065082002200136100003300158245017900191260005800370300002800428505019900456650006200655650002900717942001600746945000900762952010200771 c5470d5470AR-CdUCM190312b ||||| |||| 00| 0 spa d aMUNICIPALIDAD PROVINCIAL DEL CUSCOcBIBLIOTECA MUNICIPAL DEL CUSCO a985.061 / bG22P1 aPaz Soldán, Mariano Felipe aEl Presidente García Calderón y su gobierno de la Magdalena : bfragmento del libro intitulado Narración histórica de la Guerra de Chile contra el Perú y Bolivia /  aLima : bLibrería internacional del Perú, c1949. a95 páginas ; c17 cm. aContenido: Manifiesto a la Nación de Francisco García Calderón (prisionero en el Almirante Cochrane) -- Protesta de un grupo de ciudadanos cuando fue reducido a prisión el Presidente ... aFrancisco García Calderón - Gobierno - Perú916446 aHistoria del Perú9259 2ddccLIBROS alccs 002ddc4070aSHbSHcCARTd2019-03-12g10.00o985.061 / G22P1pSH0000005728r2019-03-12yLIBROS